000 00516 a2200205 4500
001 16549
999 _c16549
_d3268
003 TR-AnTOB
005 20190322121828.0
008 041102s1999 tu tur
020 _a9758440128
041 _atur
050 _aPS8576.A544
_bO84 1999
090 _aPS8576.A544 O84 1999
245 0 _aBaşka ateşler /
_chaz.Alberto Manguel ; çev. Tomris uyan.
264 1 _aİstanbul :
_bCan Yayınları,
_c1999
300 _a216 p. ;
_c20 cm.
500 _aOrjinal: Other fires
902 _a0006422
942 _cBK